<?xml version="1.0" encoding="UTF-8"?>
<record
    xmlns:xsi="http://www.w3.org/2001/XMLSchema-instance"
    xsi:schemaLocation="http://www.loc.gov/MARC21/slim http://www.loc.gov/standards/marcxml/schema/MARC21slim.xsd"
    xmlns="http://www.loc.gov/MARC21/slim">

  <leader>01736nam a2200301   4500</leader>
  <controlfield tag="001">415</controlfield>
  <controlfield tag="003">OSt</controlfield>
  <controlfield tag="005">20250527144435.0</controlfield>
  <controlfield tag="008">250519b        |||||||g |||| 00| 1 eng d</controlfield>
  <datafield tag="020" ind1=" " ind2=" ">
    <subfield code="a">9788573129571</subfield>
  </datafield>
  <datafield tag="040" ind1=" " ind2=" ">
    <subfield code="b">por</subfield>
  </datafield>
  <datafield tag="041" ind1=" " ind2=" ">
    <subfield code="h">por</subfield>
  </datafield>
  <datafield tag="082" ind1=" " ind2=" ">
    <subfield code="a">158.1</subfield>
    <subfield code="b">C238m</subfield>
  </datafield>
  <datafield tag="100" ind1=" " ind2=" ">
    <subfield code="a">Capelas, Helo&#xED;sa</subfield>
    <subfield code="d">1957-</subfield>
    <subfield code="9">890</subfield>
  </datafield>
  <datafield tag="245" ind1=" " ind2=" ">
    <subfield code="a">O  Mapa da felicidade:</subfield>
    <subfield code="b">As coordenadas para curar a sua vida e nunca mais olhar para tr&#xE1;s /</subfield>
    <subfield code="c">Capelas, Helo&#xED;sa</subfield>
  </datafield>
  <datafield tag="260" ind1=" " ind2=" ">
    <subfield code="a">S&#xE3;o Palo</subfield>
    <subfield code="b">Editora Gente</subfield>
    <subfield code="c">2014</subfield>
  </datafield>
  <datafield tag="300" ind1=" " ind2=" ">
    <subfield code="a">239 p.</subfield>
  </datafield>
  <datafield tag="520" ind1=" " ind2=" ">
    <subfield code="a">Conforme os anos passam, parece que acreditar no conceito de felicidade fica cada vez mais dif&#xED;cil. Afinal, o que vem a ser a felicidade em si? Ter muito dinheiro, um carro do ano, um bom casamento e filhos tranquilos? Vamos, ent&#xE3;o, &#xE0; pergunta que n&#xE3;o escolhe &#xE9;poca, cor e nem classe social: o que nos proporciona uma felicidade s&#xF3;lida e duradoura?

Depois de d&#xE9;cadas ensinando pessoas do Brasil inteiro a promover revolu&#xE7;&#xF5;es em seus comportamentos por meio do autoconhecimento, Helo&#xED;sa Capelas escreveu a obra que lhe far&#xE1; passar pelo caminho da descoberta sobre voc&#xEA; mesmo, auxiliando a encarar seus problemas em busca de respostas e a obter sucesso em suas realiza&#xE7;&#xF5;es. Neste mapa, a principal pergunta que ela faz a voc&#xEA; &#xE9;: qual &#xE9; a sua verdade e por que voc&#xEA; acorda todos os dias?

Aceite este convite e entre de cabe&#xE7;a na jornada que transformar&#xE1; sua vida para sempre.</subfield>
  </datafield>
  <datafield tag="650" ind1=" " ind2="0">
    <subfield code="a">Literatura Brasileira</subfield>
    <subfield code="9">205</subfield>
  </datafield>
  <datafield tag="650" ind1=" " ind2="0">
    <subfield code="a">Autoajuda</subfield>
    <subfield code="9">755</subfield>
  </datafield>
  <datafield tag="650" ind1=" " ind2="0">
    <subfield code="a">Felicidade</subfield>
    <subfield code="9">891</subfield>
  </datafield>
  <datafield tag="650" ind1=" " ind2="0">
    <subfield code="a">Auto Conhecimento</subfield>
    <subfield code="9">19</subfield>
  </datafield>
  <datafield tag="650" ind1=" " ind2="0">
    <subfield code="a">Realiza&#xE7;&#xE3;o pessoal</subfield>
    <subfield code="9">892</subfield>
  </datafield>
  <datafield tag="650" ind1=" " ind2="0">
    <subfield code="a">Conduta de vida</subfield>
    <subfield code="9">893</subfield>
  </datafield>
  <datafield tag="655" ind1=" " ind2="0">
    <subfield code="a">Romance</subfield>
    <subfield code="9">23</subfield>
  </datafield>
  <datafield tag="655" ind1=" " ind2="0">
    <subfield code="a">N&#xE3;o Fic&#xE7;&#xE3;o</subfield>
    <subfield code="9">102</subfield>
  </datafield>
  <datafield tag="942" ind1=" " ind2=" ">
    <subfield code="2">ddc</subfield>
    <subfield code="n">0</subfield>
    <subfield code="c">BK</subfield>
  </datafield>
  <datafield tag="952" ind1=" " ind2=" ">
    <subfield code="0">0</subfield>
    <subfield code="1">0</subfield>
    <subfield code="2">ddc</subfield>
    <subfield code="4">0</subfield>
    <subfield code="7">0</subfield>
    <subfield code="8">FIC</subfield>
    <subfield code="a">BIBIB</subfield>
    <subfield code="b">BIBIB</subfield>
    <subfield code="c">AU</subfield>
    <subfield code="d">2025-05-19</subfield>
    <subfield code="e">doa&#xE7;&#xE3;o</subfield>
    <subfield code="l">0</subfield>
    <subfield code="o">158.1 / C238m</subfield>
    <subfield code="p">2025-17353</subfield>
    <subfield code="r">2025-05-19 07:56:31</subfield>
    <subfield code="w">2025-05-19</subfield>
    <subfield code="y">BK</subfield>
  </datafield>
  <datafield tag="999" ind1=" " ind2=" ">
    <subfield code="c">415</subfield>
    <subfield code="d">415</subfield>
  </datafield>
</record>
